[Event "Nicolo La Rosa op 16th"]
[Site "Mazara del Vallo"]
[Date "2008.08.12"]
[Round "3"]
[White "Amato, Andrea"]
[Black "Salafia, Andrea"]
[Result "1-0"]
[WhiteElo "2264"]
[BlackElo "1959"]
[PlyCount "92"]
[EventDate "2008.08.11"]
[EventType "swiss"]
[EventRounds "6"]
[EventCountry "ITA"]
[SourceTitle "EXT 2011"]
[Source "ChessBase"]
[SourceDate "2010.11.26"]
[SourceVersion "1"]
[SourceVersionDate "2010.11.26"]
[SourceQuality "1"]

1. Nf3 g6 2. c4 Bg7 3. Nc3 d6 4. g3 Nd7 5. Bg2 e5 6. 0-0 Ne7 7. d4 0-0 8. e4 c6 9. dxe5 dxe5 10. Qd6 Re8 11. Rd1 Bf8 12. Qd3 Qc7 13. Be3 b6 14. Rac1 Kg7 15. Qd2 Ng8 16. Na4 Ndf6 17. Qc2 Be7 18. h3 Ba6 19. c5 b5 20. Nc3 b4 21. Nb1 Bb5 22. g4 a5 23. g5 Nd7 24. a4 Ba6 25. Nbd2 Rad8 26. Nb3 f6 27. h4 Bc8 28. Nfd2 Nf8 29. Nc4 Ne6 30. gxf6+ Bxf6 31. Nd6 Rf8 32. h5 Ng5 33. Qe2 Nh3+ 34. Kh2 Nf4 35. Bxf4 exf4 36. e5 Bh4 37. Nd4 Nh6 38. Bf3 gxh5 39. Rg1+ Kh8 40. Bxh5 Nf5 41. Nf3 Bg3+ 42. fxg3 fxg3+ 43. Kg2 Nh4+ 44. Nxh4 Rf2+ 45. Qxf2 gxf2 46. Kxf2 Rf8+ 1-0